LEADER 01013cam0-22003371i-450- 001 990006169110403321 005 20050412162339.0 035 $a000616911 035 $aFED01000616911 035 $a(Aleph)000616911FED01 035 $a000616911 100 $a20000112d1985----km-y0itay50------ba 101 0 $aita 102 $aIT 105 $ay-------001yy 200 1 $a<>arbitrato secondo la legge 28-1983$fa cura del Prof. Giovanni Verde$gcontributi di M. Acone, V. Andrioli, G. Brizzi ... [et al.] 210 $aNapoli$cJovene$d1985 215 $aVI, 197 p.$d24 cm 300 $aContiene anche gli atti del seminario tenuto a Napoli nel 1984 676 $a347.09 676 $a347 702 1$aVerde,$bGiovanni 702 1$aAcone,$bModestino 801 0$aIT$bUNINA$gRICA$2UNIMARC 901 $aBK 912 $a990006169110403321 952 $aIX H 87$b24162*$fFGBC 952 $aIX E 43$b10417*$fFGBC 959 $aFGBC 996 $aArbitrato secondo la legge 28-1983$9647509 997 $aUNINA LEADER 01141nam0-22003971i-450- 001 990005536850203316 005 20050719120000.0 035 $a000553685 035 $aUSA01000553685 035 $a(ALEPH)000553685USA01 035 $a000553685 100 $a20050719d1969-------|0itac50------ba 101 $aita 102 $aIT 105 $a|||| ||||| 200 1 $aFate lavorare l'acqua$el'irrigazione polivalente$fCarlo Nicolussi 210 $aBologna$cEdagricole$dc1969 215 $a31 p.$cill.$d19 cm. 225 2$aUniversale Edagricole$v26 410 1$12001$aUniversale Edagricole$v26 606 $aIrrigazione$2FI 620 $dBologna 676 $a631.7$cIrrigazione$v21 700 1$aNICOLUSSI,$bCarlo$0353812 712 $aEdagricole 801 $aIT$bSOL$c20120104 912 $a990005536850203316 950 $aDIP.TO SCIENZE ECONOMICHE - (SA)$dDS 600 631.7 NIC$e1170 DISES 951 $a600 631.7 NIC$b1170 DISES 959 $aBK 969 $aDISES 979 $c20121027$lUSA01$h1532 979 $c20121027$lUSA01$h1613 996 $aFate lavorare l'acqua$9372393 997 $aUNISA NUM $aUSA15861